000 00723nam a2200217 a 4500
008 120416s1987 ||||||||||||||||| || u
020 _a0675204550
050 _aHF 5718 Koh
100 _aKohut, Gary F
245 1 0 _aBusiness communication
246 _aa functional perspective
260 _aColumbus:
_bMerril Pub. Co
_c1987
300 _axv, 473p.: ill
350 _a0.00
500 _aIncludes index. -Bibliography: p. 463-466.
650 0 _aBUSINESS COMMUNICATION
650 0 _aBUSINESS
650 _aBUSINESS WRITING
700 _aBaxter, Carol McFarland
995 _D0.00
_FCBU-MAIN LIBRARY (Kitwe)
_H1
_I25.95
_M1
_UDAMAGED
_ZMain Library Open Access Collection
999 _c36408
_d36408